| 000 | 03118nam0a2200505 4500 | ||
|---|---|---|---|
| 001 | RU\NLR\bibl\330466 | ||
| 005 | 20260407080820.0 | ||
| 010 |
_a5-89414-029-3 _9300 |
||
| 021 |
_aRU _b2002-37522 _91837 |
||
| 035 | _a(NLR Aleph) 000325436 | ||
| 090 |
_a123676 _c123676 |
||
| 100 | _a20021025d2002 |||y0rusy50 ca | ||
| 101 | 0 | _arus | |
| 102 | _aRU | ||
| 105 | _aa ||||||||| | ||
| 200 | 1 |
_aИнформационно-вычислительные технологии в решении фундаментальных научных проблем и прикладных задач химии, биологии, фармацевтики, медицины _eПервая нац. конф. _eСб. тез. докл. |
|
| 210 |
_aМосква _cИзд-во Науч. и учеб.-метод. центра _d2002 |
||
| 215 |
_a174 с. _cил. _d29 |
||
| 300 | _aВ надзаг.: НИИ биомед. химии им. В. Н. Ореховича, Хим. фак. МГУ им. М. В. Ломоносова, Биол. фак. МГУ им. М. В. Ломоносова, Биолог. фак. МГУ им. М. В. Ломоносова, Центр фотохимии РАН | ||
| 320 | _aБиблиогр. в конце докл. | ||
| 606 | 0 |
_aИнформационные технологии _jТезисы докладов _xПрименение в химии _92267205 _3RU\NLR\auth\661359032 |
|
| 606 | 0 |
_aМедицина _jТезисы докладов _xИнформационные технологии _92107439 _3RU\NLR\auth\661577529 |
|
| 606 | 0 |
_aФармация _jТезисы докладов _xИнформационные технологии _92107453 _3RU\NLR\auth\661577538 |
|
| 606 | 1 |
_aБиология _jТезисы докладов _xИнформационные технологии _92107561 _3RU\NLR\AUTH\661577594 |
|
| 610 | 0 | _aХимия - Математичекие методы | |
| 610 | 0 | _aБиология - Математические методы | |
| 610 | 0 | _aМедицина - Математичекие методы | |
| 610 | 0 | _aИнформационная технология | |
| 675 |
_a5:004(043.2) _v3 _zrus |
||
| 686 |
_a27/43 _2rugasnti |
||
| 686 |
_a20 _2rubbk |
||
| 686 | _aГ.с11я431(2) | ||
| 686 | _aР.с51я431(2) | ||
| 686 | _aР282с51я431(2) | ||
| 686 | _aЕ.с51я431(2) | ||
| 711 | 1 | 2 |
_a"Информационно-вычислительные технологии в решении фундаментальных научных проблем и прикладных задач химии, биологии, фармацевтики, медицины", национальная конференция _d1 _eМосква _f2002 _9581661 _3RU\NLR\AUTH\8810041215 |
| 712 | 0 | 2 |
_4570 _aНИИ биомедицинской химии им. В. Н. Ореховича _cМосква _9862903 _3RU\NLR\AUTH\880598977 |
| 801 | 0 |
_aRU _bRKP _c20021025 _gPSBO |
|
| 801 | 1 |
_aRU _bRKP _c20021025 |
|
| 801 | 2 |
_aRU _bNLR _c20120621 _grcr |
|
| 942 | _cBOOK | ||
| 980 | _aNB | ||